| 000 | 00428nam a2200157 i 4500 | ||
|---|---|---|---|
| 001 | 45859 | ||
| 003 | ES-MaACL | ||
| 005 | 20230906161305.0 | ||
| 007 | t| | ||
| 008 | 030327s1875 gw ||||1| eng d | ||
| 100 | 1 |
_aCollins, Wilkie. _939744 |
|
| 245 | 1 | 4 |
_aThe lau and the lady a novel / _cby Wilkie Collins. |
| 260 |
_aLeipzig : _bBernard Janchnitz, _c1875. |
||
| 300 |
_a2 t. en 1 v. ; _c16 cm. |
||
| 852 |
_aES-MaACL _jG-11367 |
||
| 999 |
_c45859 _d45859 |
||